000 00596nam a22002177a 4500
003 BJBSDDR
005 20260423115534.0
007 ta
008 260423s1979 nyu||||| |||| 00| 0 eng d
020 _a9780870003189
020 _a0870003186
040 _bspa
_cBJBSDDR
041 _aeng
050 _bZ78 1979
100 1 _aZinman, David
_948087
245 1 0 _a50 from the 50's :
_bvintage films from Americas Mid-Century /
_cDavid Zinman
260 _aNew York :
_bArlington House,
_c1979
300 _aXIV-418 pages :
_billustrations ;
_c29 cm
942 _2lcc
_n0
_cBK
946 _icmc
999 _c126897
_d126897